00950nam a2200205 450000500170000000800410001704000480005804100080010624501690011426000520028330000400033552001890037561000120056465000310057665000480060770000190065570000180067470000260069270000260071820230306090326.0230303s2017 cau||||gq||u| 00| 0 eng d aCO-BoUCMbspacDeissy GarciadDeissy Garcia aeng00aHow the Beatles changed the worldcNarrada por Thomas Arnold ; música original de Chris Ingham ; producción edición y dirección Tom O'Dell, Elio EspanahDVD aMarina del Rey, California bVision Filmsc2017 a1 DVD (110 minutos)bimagen, sonido a"A fascinating story of the cultural, social, spiritual and musical revolution that was ignited by The Beatles, with revealing interviews and rarely-seen archival footage of the band". aBeatles 7aPelículas biográficas  7aMúsicos de rockvBiografíaz Inglaterra1 aArnold, Thomas1 aIngham, Chris1 aO'Dell, Tomedirector1 aEspana, Elio eeditor